|
|
|
|
| LEADER |
00599cam a2200181ua 4500 |
| 008 |
121121t2009||||||||||| 00 ||eng c |
| 041 |
0 |
|
|a eng
|
| 082 |
|
|
|a 658.4
|b TRI/C
|
| 245 |
1 |
0 |
|a Corporate governance: principles, policies, and practices /
|
| 260 |
|
|
|a New Delhi:
|b Oxford University press,
|c 2009.
|
| 300 |
|
|
|a 431p..
|
| 362 |
1 |
|
|a 2009.
|
| 650 |
|
|
|a Corporate governance
|
| 650 |
0 |
|
|a Corporate risk assessment
|
| 700 |
0 |
2 |
|a Tricker,, Bob
|
| 942 |
|
|
|c BK
|
| 999 |
|
|
|c 27980
|d 27980
|
| 952 |
|
|
|0 0
|1 0
|4 0
|6 658_400000000000000_TRI
|7 0
|9 29757
|a KUCL
|b KUCL
|d 2014-05-23
|l 0
|o 658.4 TRI/
|p 29616
|r 2014-05-23
|w 2014-05-23
|y BK
|